| 000 | 02536nam a22003017a 4500 | ||
|---|---|---|---|
| 999 |
_c59889 _d59889 |
||
| 003 | Ge_BSU | ||
| 005 | 20230505115925.0 | ||
| 008 | 230505s1978 ge ||||| |||| 00| 0 geo d | ||
| 041 | _ageo | ||
| 080 | _a94(479.22)"13/14"(093უცხ.) 930.2:003.074(=19) ს-66 | ||
| 245 |
_aსომხურ ხელნაწერთა XIV-XV საუკუნეების ანდერძების (ჰიშატაკარანების) ცნობები საქართველოს შესახებ / _cძვ. სომხ. თარგმნა, შესავ., კომენტ. და შენიშვნები დაურთო ალექსანდრე აბდალაძემ; [ტომის რედ. ნ. ჯანაშია]; რედ. ზ. ალექსიძე, ვ. გაბაშვილი და სხვ.ივ. ჯავახიშვილის სახ. ისტორიის, არქეოლ. და ეთნოგრ. ინ-ტი. |
||
| 264 |
_aთბილისი : _bმეცნიერება, _c1978. |
||
| 300 |
_a200 გვ. ; _b21 სმ. |
||
| 490 |
_aსაქართველოს ისტორიის წყაროები ; 8 _vსაქართველოს ისტორიის უცხოური წყაროები / საქ. სსრ მეცნ. აკად., საქ. ისტორიის წყაროების კომისია ; V |
||
| 500 | _aსაძიებლები: გვ. 187-199. | ||
| 520 | _a რეზ. რუს. ენ. | ||
| 653 | _aსომხური ხელნაწერები | ||
| 653 | _aსაქართველოს ისტორია -- XIV-XV სს. | ||
| 653 | _aსომხური ანდერძები | ||
| 653 | _aსაქართველოს ისტორიის სომხური წყაროები | ||
| 653 | _aუცხოელები საქართველოს შესახებ. | ||
| 700 |
_aჯანაშია, ნ. _eრედაქტორი _91523 |
||
| 700 |
_aალექსიძე, ზ. _eრედაქტორი _917990 |
||
| 700 |
_aგაბაშვილი, ვ. და სხვ. _eრედაქტორი _917991 |
||
| 700 |
_aაბდალაძე, ალექსანდრე _eმთარგმნელი _917988 |
||
| 700 |
_aნადირაძე, გ., _eმხატვარი _917989 |
||
| 942 |
_2udc _cBK |
||